[Event "ISL Ch"]
[Site "Akureyri"]
[Date "1987.??.??"]
[Round "10"]
[White "Thorhallsson, Throstur"]
[Black "Bjarnason, Saevar"]
[Result "1-0"]
[WhiteElo "2335"]
[BlackElo "2355"]
[PlyCount "81"]
[EventDate "1987.??.??"]
[Source "www.chesslib.no"]
[SourceDate "2004.05.04"]

1. e4 e6 2. d4 d5 3. Nc3 Bb4 4. Bd2 dxe4 5. Qg4 Qxd4 6. Nf3 h5 7. Qh4 Qc5 8. O-O-O Nc6 9. Nb5 Bxd2+ 10. Rxd2 Nf6 11. Nxc7+ Ke7 12. Ng5 Rb8 13. Nxe4 Qa5 14. Nb5 Qxa2 15. Nec3 Qa1+ 16. Nb1 Qa5 17. Bc4 a6 18. Nd4 Bd7 19. Nb3 g5 20. Qh3 Qe5 21. Rhd1 Rbd8 22. Nd4 Qc5 23. Qe3 Nxd4 24. Rxd4 Rc8 25. b4 Qc7 26. Qxg5 Bb5 27. Rf4 Rhg8 28. Qxf6+ Kf8 29. Qh6+ Rg7 30. Bb3 Qe5 31. Qh8+ Ke7 32. Qxc8 Qxf4+ 33. Rd2 Kf6 34. Qc3+ e5 35. g3 Qe4 36. Rd6+ Kg5 37. Nd2 Qe1+ 38. Kb2 Kg4 39. Qf3+ Kh3 40. Qxh5+ Kg2 41. Bd5+ 1-0

[Event "Sitges Open"]
[Site "Sitges"]
[Date "1995.??.??"]
[Round "6"]
[White "Tomas Batet, Joan"]
[Black "Hamdouchi, Hichem"]
[Result "0-1"]
[WhiteElo "2120"]
[BlackElo "2555"]
[PlyCount "82"]
[EventDate "1995.??.??"]
[Source "www.chesslib.no"]
[SourceDate "2004.05.04"]

1. e4 e6 2. d4 d5 3. Nc3 Bb4 4. Bd2 Bxc3 5. Bxc3 Nf6 6. e5 Ne4 7. Qg4 O-O 8. Bb4 c5 9. dxc5 Nc6 10. a3 a5 11. Bd2 Nxd2 12. Kxd2 Nxe5 13. Qd4 Nc6 14. Qe3 d4 15. Qg3 e5 16. Bd3 Qd5 17. f3 Qxc5 18. Nh3 h6 19. f4 Bxh3 20. gxh3 exf4 21. Qxf4 Qg5 22. Qxg5 hxg5 23. Rhg1 f6 24. Rg4 Ne5 25. Re4 Rad8 26. Rf1 Rfe8 27. Rf2 Kf7 28. Ree2 Re7 29. Re4 g6 30. Re1 f5 31. Ree2 Kf6 32. Bb5 Rh8 33. Rg2 Rxh3 34. Rg3 Rxg3 35. hxg3 Rh7 36. Rg2 Rh3 37. Be2 f4 38. gxf4 gxf4 39. Rf2 Kf5 40. Bf1 Re3 41. Bg2 Nc4+ 0-1

[Event "Mondariz op"]
[Site "?"]
[Date "1996.??.??"]
[Round "?"]
[White "Outerelo Ucha Manuel"]
[Black "Romero Leon Antonio"]
[Result "1/2-1/2"]
[WhiteElo "2245"]
[BlackElo "2430"]
[PlyCount "26"]
[EventDate "1996.??.??"]
[Source "www.chesslib.no"]
[SourceDate "2004.05.04"]

1. e4 e6 2. d4 d5 3. Nc3 Bb4 4. Bd2 Ne7 5. Bd3 dxe4 6. Nxe4 Qxd4 7. Nf3 Bxd2+ 8. Qxd2 Qb6 9. O-O-O Nbc6 10. Qg5 Rg8 11. Bb5 h6 12. Qh5 Ng6 13. Nfd2 Qd4 1/2-1/2

[Event "Kastel Stari op"]
[Site "Kastel Stari"]
[Date "1997.??.??"]
[Round "2"]
[White "Zaja, Ivan"]
[Black "Macek, Vlasta"]
[Result "1-0"]
[WhiteElo "2440"]
[BlackElo "2230"]
[PlyCount "121"]
[EventDate "1997.04.11"]
[Source "ChessBase"]

1. e4 e6 2. d4 d5 3. Nc3 Bb4 4. Bd2 Ne7 5. Bd3 c5 6. a3 Bxc3 7. Bxc3 cxd4 8. Bxd4 O-O 9. Nf3 Nbc6 10. Bc3 d4 11. Bd2 Ng6 12. O-O b6 13. Re1 e5 14. c3 Bb7 15. Bc4 Qd7 16. Bd5 Rad8 17. Bg5 Rde8 18. cxd4 exd4 19. Nxd4 h6 20. Be3 Nxd4 21. Qxd4 Bxd5 22. Qxd5 Qxd5 23. exd5 Re5 24. Red1 Rd8 25. d6 Re6 26. Kf1 Rexd6 27. Ke2 Kf8 28. Rxd6 Rxd6 29. Rc1 Ke7 30. Rc7+ Rd7 31. Rxd7+ Kxd7 32. Bd4 Nf4+ 33. Kf3 Ne6 34. Be5 Kc6 35. Ke4 a6 36. Bc3 a5 37. f4 Kd6 38. g4 g6 39. Be5+ Ke7 40. Kd5 Kd7 41. f5 gxf5 42. gxf5 Ng5 43. Bd4 Nf3 44. Bxb6 Nxh2 45. Bxa5 Ng4 46. Be1 h5 47. a4 Ne3+ 48. Ke4 Nc4 49. b3 Nd6+ 50. Ke5 Ne8 51. b4 f6+ 52. Kd5 Nd6 53. a5 Nxf5 54. a6 Kc7 55. b5 h4 56. Ba5+ Kb8 57. b6 h3 58. Bd2 Ne7+ 59. Ke6 Ng6 60. Bb4 Nf4+ 61. Kd7 1-0

[Event "Deizisau"]
[Site "?"]
[Date "2000.04.20"]
[Round "1"]
[White "Gelfenboim Jaroslav"]
[Black "Kindermann Stefan"]
[Result "0-1"]
[WhiteElo "2141"]
[BlackElo "2528"]
[PlyCount "34"]
[EventDate "2000.??.??"]
[Source "www.chesslib.no"]
[SourceDate "2004.05.04"]

1. e4 e6 2. d4 d5 3. Nc3 Bb4 4. Bd2 dxe4 5. Qg4 Nf6 6. Qxg7 Rg8 7. Qh6 Rg6 8. Qe3 Nc6 9. Bb5 Bd7 10. O-O-O Ng4 11. Qe1 Bxc3 12. bxc3 Qe7 13. Kb2 Na5 14. Bxd7+ Qxd7 15. f3 Qa4 16. Ka1 e5 17. Rb1 Ra6 0-1

[Event "RUS-Cup03 (Geller mem)"]
[Site "Moscow"]
[Date "1999.02.10"]
[Round "1"]
[White "Kalugin, Sergei"]
[Black "Drozdovskij, Yuri"]
[Result "1/2-1/2"]
[WhiteElo "2355"]
[BlackElo "2312"]
[PlyCount "49"]
[EventDate "1999.02.10"]
[Source "ChessBase"]
[SourceDate "1999.06.08"]

1. e4 e6 2. d4 d5 3. Nc3 Bb4 4. Bd2 Ne7 5. exd5 exd5 6. Bd3 Nbc6 7. a3 Ba5 8. Nce2 Bb6 9. c3 Bf5 10. Qc2 Qd7 11. Ng3 Bxd3 12. Qxd3 O-O-O 13. Nf3 f6 14. O-O-O Na5 15. Kb1 Nc4 16. Ka2 c6 17. b3 Nd6 18. Rhe1 Nef5 19. Bf4 Nxg3 20. Bxg3 Ne4 21. Nd2 Nxg3 22. hxg3 g6 23. Re3 Rde8 24. Rde1 Kd8 25. Kb2 1/2-1/2

[Event "Nigran op"]
[Site "?"]
[Date "1994.??.??"]
[Round "7"]
[White "Outerelo Ucha Manuel"]
[Black "Adla Diego Gustavo"]
[Result "1/2-1/2"]
[WhiteElo "2250"]
[BlackElo "2415"]
[PlyCount "52"]
[EventDate "1994.??.??"]
[Source "www.chesslib.no"]
[SourceDate "2004.05.04"]

1. e4 e6 2. d4 d5 3. Nc3 Bb4 4. Bd2 Ne7 5. a3 Ba5 6. b4 Bb6 7. Nf3 Nbc6 8. Be3 dxe4 9. Nxe4 e5 10. Nc5 exd4 11. Nxd4 Nxd4 12. Qxd4 Qxd4 13. Bxd4 O-O 14. O-O-O a5 15. Bc4 axb4 16. axb4 Nf5 17. Bc3 Nd6 18. Bd3 Bg4 19. Rde1 Rfe8 20. Rxe8+ Rxe8 21. Re1 Rxe1+ 22. Bxe1 Bxc5 23. bxc5 Nc8 24. Ba5 c6 25. Kd2 h6 26. Ke3 Kf8 1/2-1/2

[Event "Berliner Sommer"]
[Site "Berlin"]
[Date "1997.??.??"]
[Round "1"]
[White "Reichmann, Hendrik"]
[Black "Kruppa, Yuri"]
[Result "0-1"]
[WhiteElo "2120"]
[BlackElo "2535"]
[PlyCount "129"]
[EventDate "1997.08.??"]
[Source "ChessBase"]
[SourceDate "1997.09.26"]

1. e4 e6 2. d4 d5 3. Nc3 Bb4 4. Bd2 dxe4 5. Qg4 Qxd4 6. Nf3 Nh6 7. Qxe6+ Bxe6 8. Nxd4 Bd7 9. O-O-O Bxc3 10. Bxc3 O-O 11. Nb5 Rc8 12. h3 Nf5 13. Bc4 a6 14. Nd4 Nd6 15. Bd5 c6 16. Bb4 cxd5 17. Bxd6 Nc6 18. Nxc6 bxc6 19. b4 a5 20. a3 axb4 21. axb4 Ra2 22. Rhe1 Bf5 23. Re3 Ra1+ 24. Kd2 Rxd1+ 25. Kxd1 d4 26. Ra3 f6 27. Bc5 d3 28. Be3 Rb8 29. c3 Be6 30. Ra7 h5 31. h4 Bc4 32. Bd4 Rf8 33. Bc5 Re8 34. Kd2 Kh7 35. g3 Kg6 36. Be3 Rg8 37. Ra5 Bd5 38. Ra7 Kf5 39. Ra5 Kg4 40. Ra7 Kf3 41. Bd4 Bc4 42. Ra5 Bb5 43. Ra7 f5 44. Be3 f4 45. Rf7 Ra8 46. Rxf4+ Kg2 47. Rxe4 Ra2+ 48. Kc1 Rc2+ 49. Kb1 Kf3 50. Re7 Ba4 51. Ra7 Bb3 52. Rxg7 d2 53. Rd7 Ke2 54. Bxd2 Rxd2 55. Rxd2+ Kxd2 56. Kb2 Bd5 57. c4 Bxc4 58. f3 Be6 59. g4 hxg4 60. fxg4 Bxg4 61. Kb3 Kd3 62. Ka4 Kc4 63. Ka5 Bf3 64. Ka4 Bh5 65. Ka5 0-1

[Event "Sudak"]
[Site "Sudak"]
[Date "2002.08.05"]
[Round "5"]
[White "Polivanov, Anatoliy"]
[Black "Kagramanianz, Vartan"]
[Result "1-0"]
[WhiteElo "2349"]
[BlackElo "2305"]
[PlyCount "77"]
[EventDate "2002.08.02"]
[Source "ChessBase"]
[SourceDate "2002.09.11"]

1. e4 e6 2. d4 d5 3. Nc3 Bb4 4. Bd2 Nf6 5. e5 Bxc3 6. bxc3 Ne4 7. Qg4 Kf8 8. Bc1 c5 9. Ne2 h5 10. Qf4 cxd4 11. cxd4 Qa5+ 12. c3 b5 13. f3 Nxc3 14. Bd2 b4 15. Rc1 Nc6 16. Nxc3 bxc3 17. Rxc3 Qb6 18. Bd3 Bd7 19. Rc5 Qb2 20. Bg6 Nd8 21. O-O Kg8 22. Bd3 a6 23. Rb1 Qa3 24. Qe3 Qa4 25. Bc2 Qxa2 26. Qc3 Ba4 27. Bd3 Bb5 28. Ra1 Qxa1+ 29. Qxa1 Bxd3 30. Qa3 Bg6 31. Rc7 Kh7 32. Bg5 Rg8 33. h3 a5 34. Qa4 Rb8 35. Qxa5 Rb1+ 36. Kh2 Nb7 37. Qa7 Rb2 38. Rxb7 Rxb7 39. Qxb7 1-0

[Event "TCh-CZE 2002-3"]
[Site "Czech Rep"]
[Date "2002.10.12"]
[Round "1"]
[White "Zilka, Stepan"]
[Black "Kacirek, Petr"]
[Result "1/2-1/2"]
[WhiteElo "2343"]
[BlackElo "2305"]
[PlyCount "77"]
[EventDate "2003.01.01"]
[Source "Roberto Alvarez"]
[SourceDate "2003.04.28"]

1. e4 e6 2. d4 d5 3. Nc3 Bb4 4. Bd2 dxe4 5. Qg4 Qxd4 6. O-O-O h5 7. Qe2 Ne7 8. Nxe4 Bxd2+ 9. Rxd2 Qa4 10. Nc3 Qa5 11. Qd1 Nbc6 12. Bb5 O-O 13. Qxh5 a6 14. Be2 Qxh5 15. Bxh5 e5 16. Nge2 f5 17. g3 Be6 18. Rhd1 Rad8 19. Bf3 Kf7 20. h4 Rxd2 21. Rxd2 Rd8 22. Rxd8 Nxd8 23. a3 Bd7 24. Ng1 Kf6 25. Nh3 Bc6 26. Be2 Nd5 27. Nxd5+ Bxd5 28. Ng5 Ne6 29. Nxe6 Kxe6 30. Kd2 a5 31. Ke3 c5 32. f4 b6 33. Ba6 Kf6 34. Bc8 Bc6 35. c3 Bd5 36. b4 cxb4 37. cxb4 axb4 38. axb4 Bg2 39. Ba6 1/2-1/2

[Event "Allemagne Bundesliga Ouest"]
[Site "?"]
[Date "2003.12.14"]
[Round "4.7"]
[White "Berov Arkady"]
[Black "Dormann Lars"]
[Result "1-0"]
[WhiteElo "2382"]
[BlackElo "2259"]
[PlyCount "67"]
[EventDate "2003.??.??"]
[Source "www.chesslib.no"]
[SourceDate "2004.05.04"]

1. e4 e6 2. d4 d5 3. Nc3 Bb4 4. Bd2 dxe4 5. Qg4 Nf6 6. Qxg7 Rg8 7. Qh6 Qxd4 8. O-O-O Rg6 9. Qh4 Rg4 10. Qh3 Qb6 11. f3 exf3 12. Qxf3 Be7 13. Bd3 e5 14. Nge2 Nc6 15. Rhf1 Be6 16. Bf5 Rb4 17. b3 Rxb3 18. Be3 Ba3+ 19. Kd2 O-O-O+ 20. Ke1 Rxd1+ 21. Kxd1 Rb1+ 22. Nxb1 Qxb1+ 23. Bc1 Nd4 24. Bxe6+ fxe6 25. Qd3 Bxc1 26. Nxc1 Nd5 27. c3 Nc2 28. Kd2 e4 29. Qxe4 Qb6 30. Rf8+ Kd7 31. Kxc2 Ne3+ 32. Kd3 Qb1+ 33. Kxe3 Qxc1+ 34. Ke2 1-0

[Event "Myslowice"]
[Site "Myslowice"]
[Date "1985.??.??"]
[Round "3"]
[White "Bakalarz, Mieczyslaw"]
[Black "Sobura, Henryk"]
[Result "1/2-1/2"]
[WhiteElo "2340"]
[BlackElo "2300"]
[PlyCount "24"]
[EventDate "1985.09.??"]
[Source "www.chesslib.no"]
[SourceDate "2004.05.04"]

1. e4 e6 2. d4 d5 3. Nc3 Bb4 4. Bd2 dxe4 5. Qg4 Qxd4 6. Nf3 Nh6 7. Qf4 e5 8. Qxe5+ Qxe5 9. Nxe5 Ng4 10. Nxg4 Bxg4 11. Nxe4 Bxd2+ 12. Nxd2 O-O 1/2-1/2

[Event "Barcelona City"]
[Site "Barcelona ESP"]
[Date "1994.??.??"]
[Round "?"]
[White "Beltran Rueda, Santiago"]
[Black "Rahal, Michael"]
[Result "0-1"]
[WhiteElo "2330"]
[BlackElo "2310"]
[PlyCount "60"]
[EventDate "1994.??.??"]
[Source "www.chesslib.no"]
[SourceDate "2004.05.04"]

1. e4 e6 2. d4 d5 3. Nc3 Bb4 4. Bd2 dxe4 5. Qg4 Nf6 6. Qxg7 Rg8 7. Qh6 Rg6 8. Qh4 Nc6 9. O-O-O Bxc3 10. Bxc3 Ne7 11. f3 Qd5 12. b3 Bd7 13. Nh3 exf3 14. Bd3 Nf5 15. Qe1 fxg2 16. Rg1 Qf3 17. Nf2 O-O-O 18. Ne4 Nd5 19. Bb2 Qe3+ 20. Kb1 Qxe1 21. Rdxe1 Nf4 22. Nf2 Bc6 23. c3 Nxd3 24. Nxd3 Rh6 25. Ne5 Rxh2 26. Nxf7 Rf8 27. Ne5 Rh1 28. Nxc6 Rxg1 29. Rxg1 Ne3 30. Rxg2 Nxg2 0-1

[Event "ISL Team Ch"]
[Site "Island"]
[Date "1995.??.??"]
[Round "?"]
[White "Thorhallsson, Throstur"]
[Black "Sigurjonsson, Johann O"]
[Result "1/2-1/2"]
[WhiteElo "2420"]
[BlackElo "2220"]
[PlyCount "36"]
[EventDate "1995.??.??"]
[Source "www.chesslib.no"]
[SourceDate "2004.05.04"]

1. e4 e6 2. d4 d5 3. Nc3 Bb4 4. Bd2 dxe4 5. Qg4 Nf6 6. Qxg7 Rg8 7. Qh6 Qxd4 8. O-O-O Rg6 9. Qh4 Rg4 10. Qh3 Qxf2 11. Be2 Rh4 12. Qxh4 Qxh4 13. g3 Bxc3 14. gxh4 Bxd2+ 15. Kxd2 Bd7 16. Nh3 Bc6 17. Rhf1 Nbd7 18. c4 e3+ 1/2-1/2

[Event "CXSP (open)"]
[Site "?"]
[Date "2004.05.08"]
[Round "2"]
[White "Lima Di"]
[Black "Rodriguez And URU"]
[Result "0-1"]
[WhiteElo "2079"]
[BlackElo "2556"]
[PlyCount "22"]
[EventDate "2004.??.??"]
[Source "www.chesslib.no"]
[SourceDate "2004.05.04"]

1. e4 e6 2. d4 d5 3. Nc3 Bb4 4. Bd2 Ne7 5. Qg4 O-O 6. e5 f5 7. Qh4 c5 8. a3 Ba5 9. dxc5 d4 10. O-O-O dxc3 11. Bxc3 Nd5 0-1

[Event "CRO-Cup"]
[Site "?"]
[Date "1998.??.??"]
[Round "5"]
[White "Ivanovic Zeljko"]
[Black "Levacic Patrick"]
[Result "0-1"]
[WhiteElo "2255"]
[BlackElo "2365"]
[PlyCount "94"]
[EventDate "1998.??.??"]
[Source "www.chesslib.no"]
[SourceDate "2004.05.04"]

1. e4 e6 2. d4 d5 3. Nc3 Bb4 4. Bd2 Ne7 5. a3 Bxc3 6. Bxc3 b6 7. Qg4 O-O 8. Bd3 Ba6 9. O-O-O Bxd3 10. Rxd3 Nd7 11. Rg3 Ng6 12. exd5 Nf6 13. Qe2 Qxd5 14. Nh3 Ne4 15. Re3 Nxc3 16. Rxc3 Qa2 17. Rd1 Qa1+ 18. Kd2 Qxb2 19. Qc4 c5 20. Ke2 cxd4 21. Rxd4 h6 22. Qb4 Qa2 23. Qb3 Qxb3 24. cxb3 Rac8 25. Kd2 Rxc3 26. Kxc3 Rc8+ 27. Rc4 Ne7 28. Kb4 a6 29. Rxc8+ Nxc8 30. a4 Na7 31. Kc4 Kf8 32. a5 bxa5 33. Kc5 Nb5 34. Nf4 Ke7 35. Nd3 Nc3 36. Nb2 Ne4+ 37. Kb6 Nd2 38. Kxa5 Nxb3+ 39. Kxa6 Nd2 40. Kb5 Kd6 41. Kb4 Kd5 42. Nd3 Kd4 43. Nc5 Ne4 44. Nb3+ Kd3 45. f3 Nd2 46. Nc1+ Ke3 47. Kc3 Nf1 0-1

[Event "Copenhagen3"]
[Site "Copenhagen DEN"]
[Date "1995.??.??"]
[Round "3"]
[White "Kristensen, Kaare"]
[Black "Whiteley, Andrew J"]
[Result "0-1"]
[WhiteElo "2280"]
[BlackElo "2335"]
[PlyCount "96"]
[EventDate "1995.??.??"]
[Source "www.chesslib.no"]
[SourceDate "2004.05.04"]

1. e4 e6 2. d4 d5 3. Nc3 Bb4 4. Bd2 dxe4 5. Qg4 Qxd4 6. Nf3 h5 7. Qf4 Qb6 8. Ne5 Nf6 9. O-O-O Nbd7 10. Nxe4 Be7 11. Bc3 Nxe5 12. Bxe5 Nxe4 13. Qxe4 f6 14. Bd4 Qc6 15. Qg6+ Kf8 16. Be3 Bd7 17. Be2 Be8 18. Qg3 Bd6 19. f4 h4 20. Qf2 Bg6 21. Bf3 Be4 22. Bxe4 Qxe4 23. Bc5 h3 24. Rhe1 Qxg2 25. Bxd6+ cxd6 26. Qd4 Qd5 27. Qa4 Qf5 28. Rxd6 Rh4 29. Rdxe6 Qxf4+ 30. Qxf4 Rxf4 31. R6e3 Rd8 32. Rxh3 Rd7 33. Rhe3 Rf2 34. R3e2 Rxe2 35. Rxe2 Kf7 36. c4 f5 37. Kc2 Kf6 38. Rd2 Rxd2+ 39. Kxd2 Ke5 40. Kd3 a5 41. Ke3 g5 42. h3 g4 43. h4 f4+ 44. Kf2 Ke4 45. h5 g3+ 46. Kg2 f3+ 47. Kg1 f2+ 48. Kg2 Ke3 0-1

[Event "Jarvenpaa"]
[Site "Jarvenpaa"]
[Date "1985.??.??"]
[Round "?"]
[White "Kauppala, Pekka"]
[Black "Raaste, Eero J"]
[Result "1/2-1/2"]
[WhiteElo "2260"]
[BlackElo "2355"]
[PlyCount "72"]
[EventDate "1985.07.??"]
[Source "ChessBase"]

1. e4 e6 2. d4 d5 3. Nc3 Bb4 4. Bd2 dxe4 5. Qg4 Nf6 6. Qxg7 Rg8 7. Qh6 Nc6 8. O-O-O Rg6 9. Qh4 Rg4 10. Qh3 Bd7 11. f3 exf3 12. Nxf3 Bd6 13. Bb5 Nxd4 14. Bxd7+ Qxd7 15. Nxd4 Rxd4 16. Bg5 Be7 17. Qh6 Ng8 18. Qg7 O-O-O 19. Be3 Bf6 20. Qxh7 Rxd1+ 21. Rxd1 Qe8 22. Rxd8+ Bxd8 23. h4 f5 24. Bg5 Nf6 25. Qg7 Ng4 26. a4 a6 27. b3 b6 28. Ne2 Bxg5+ 29. hxg5 Qc6 30. Nd4 Qc3 31. g6 Nf2 32. Kb1 Kb7 33. Qe5 Ng4 34. Qh8 Nf2 35. Qe5 Ng4 36. Qh8 Nf2 1/2-1/2

[Event "Groningen Open"]
[Site "Groningen NED"]
[Date "1988.??.??"]
[Round "?"]
[White "Fette, Martin"]
[Black "Visser, Yge"]
[Result "1/2-1/2"]
[WhiteElo "2320"]
[BlackElo "2295"]
[PlyCount "73"]
[EventDate "1988.12.??"]
[Source "www.chesslib.no"]
[SourceDate "2004.05.04"]

1. e4 e6 2. d4 d5 3. Nc3 Bb4 4. Bd2 dxe4 5. Qg4 Qxd4 6. Nf3 h5 7. Qf4 e5 8. Qxe5+ Qxe5 9. Nxe5 Be6 10. Nxe4 Bxd2+ 11. Kxd2 Nd7 12. Nxd7 O-O-O 13. Nec5 Bxd7 14. Nxd7 Rxd7+ 15. Bd3 Rh6 16. Rae1 Ne7 17. Kc1 Rf6 18. Re5 g6 19. f3 c6 20. Rhe1 Kd8 21. Ra5 Nc8 22. b3 b6 23. Rae5 Nd6 24. a4 c5 25. Bb5 Nxb5 26. axb5 Kc7 27. Re8 Kb7 28. R1e7 Rfd6 29. Rxd7+ Rxd7 30. f4 a6 31. bxa6+ Kxa6 32. f5 Rd5 33. fxg6 fxg6 34. Re6 Rg5 35. g3 Rg4 36. Kd2 h4 37. gxh4 1/2-1/2

[Event "Mulhouse"]
[Site "?"]
[Date "2000.07.03"]
[Round "6"]
[White "Herb Pascal"]
[Black "Sermier Guillaume"]
[Result "0-1"]
[WhiteElo "2310"]
[BlackElo "2304"]
[PlyCount "77"]
[EventDate "2000.??.??"]
[Source "www.chesslib.no"]
[SourceDate "2004.05.04"]

1. e4 e6 2. d4 d5 3. Nc3 Bb4 4. Bd2 dxe4 5. Nb5 Bxd2+ 6. Qxd2 a6 7. Nc3 Nf6 8. O-O-O O-O 9. g4 Nxg4 10. Nxe4 Qd5 11. f3 Qxa2 12. Qc3 Nh6 13. Bc4 Qa1+ 14. Kd2 Qa4 15. Ne2 Nc6 16. d5 exd5 17. Rhg1 Nf5 18. Nf6+ Kh8 19. Nxd5 Rd8 20. Ke1 Be6 21. Rg4 Bxd5 22. Bxd5 Qa5 23. b4 Qb6 24. Rd3 Nce7 25. Bxf7 Rxd3 26. Qxd3 Qf6 27. Bb3 Ng6 28. Re4 Nd6 29. Re6 Qh4+ 30. Kd1 Rd8 31. Kc1 Qxb4 32. Qe3 Qh4 33. f4 Nf8 34. Re5 Nd7 35. Re7 Qf6 36. Nd4 c5 37. Qe6 Qxf4+ 38. Kb1 Nf6 39. Nf5 0-1